000 00393pab a2200157 454500
008 180718b2001 xxu||||| |||| 00| 0 eng d
100 _aKotwal, Dinesh
245 _aInsurgency in Assam: the demographic dimensions
260 _c2001
300 _ap.313-24
362 _aMay
650 _aTerrorism - India - Assam
650 _aTerrorism
773 _aStrategic Analysis
909 _a48455
999 _c48455
_d48455